East, West, North, South : (Record no. 27976)
[ view plain ]
| 000 -LEADER | |
|---|---|
| fixed length control field | 01778cam a2200253 a 4500 |
| 001 - CONTROL NUMBER | |
| control field | vtls002691960 |
| 003 - CONTROL NUMBER IDENTIFIER | |
| control field | MY-SjTCS |
| 005 - DATE AND TIME OF LATEST TRANSACTION | |
| control field | 20200306154357.0 |
| 008 - FIXED-LENGTH DATA ELEMENTS--GENERAL INFORMATION | |
| fixed length control field | 110218s1999 enk b 001 0 eng |
| 020 ## - INTERNATIONAL STANDARD BOOK NUMBER | |
| International Standard Book Number | 0198782381 (pbk.) |
| 039 #9 - LEVEL OF BIBLIOGRAPHIC CONTROL AND CODING DETAIL [OBSOLETE] | |
| Level of rules in bibliographic description | 201907251212 |
| Level of effort used to assign nonsubject heading access points | shuhada |
| Level of effort used to assign subject headings | 201102181306 |
| Level of effort used to assign classification | VLOAD |
| -- | 200407271950 |
| -- | VLOAD |
| 082 04 - DEWEY DECIMAL CLASSIFICATION NUMBER | |
| Classification number | 909.825 |
| Item number | LUN |
| 100 1# - MAIN ENTRY--PERSONAL NAME | |
| Personal name | Lundestad, Geir, |
| Dates associated with a name | 1945- |
| 9 (RLIN) | 210971 |
| 245 10 - TITLE STATEMENT | |
| Title | East, West, North, South : |
| Remainder of title | major developments in international politics since 1945 / |
| Statement of responsibility, etc. | Geir Lundestad ; translated from the Norwegian by Gail Adams Kvam. |
| 250 ## - EDITION STATEMENT | |
| Edition statement | 4th ed. |
| 260 ## - PUBLICATION, DISTRIBUTION, ETC. | |
| Place of publication, distribution, etc. | Oxford : |
| Name of publisher, distributor, etc. | Oxford University Press, |
| Date of publication, distribution, etc. | 1999. |
| 300 ## - PHYSICAL DESCRIPTION | |
| Extent | xiii, 362 p. ; |
| Dimensions | 23 cm. |
| 500 ## - GENERAL NOTE | |
| General note | "While the first three editions were originally written in Norwegian and then translated into English, this fourth edition is presented first in English." - Preface to the Fourth Edition. |
| 504 ## - BIBLIOGRAPHY, ETC. NOTE | |
| Bibliography, etc. note | Includes bibliographical references and index. |
| 505 0# - FORMATTED CONTENTS NOTE | |
| Formatted contents note | From the Preface to the First Edition. - Preface to the Fourth Edition. - 1. The World in 1945-1950. - 2. The Cold War in Europe, 1945-1949. - 3. The Cold War Becomes Global, 1945-1962. - 4. Detente between East and West, 1962-1975. - 5. Renewed Tension between East and West, 1975-1984. - 6. The End of the Cold War, 1984-1990. - 7. Major Powers and Local Conflicts after the Cold War, 1990-1996. - 8. The Arms Race, 1945-1996. - 9. Developments within the Western Bloc, 1945-1996. - 10. The Soviet Union / Russia and the (formely) Communist Countries, 1945-1998. - 11. Decolonization. - 12. Economic Relations between North and South, 1945-1996. - Bibliography. - Index. |
| 650 #0 - SUBJECT ADDED ENTRY--TOPICAL TERM | |
| Topical term or geographic name entry element | World politics |
| Chronological subdivision | 1945- |
| 9 (RLIN) | 210972 |
| 700 1# - ADDED ENTRY--PERSONAL NAME | |
| Personal name | Kvam, Gail Adams. |
| 9 (RLIN) | 210973 |
| 920 ## - Programme | |
| Programme | MCS(USM) : 201374, 201375 |
| Withdrawn status | Lost status | Source of classification or shelving scheme | Damaged status | Not for loan | Home library | Current library | Date acquired | Total Checkouts | Barcode | Date last seen | Date last checked out | Copy number | Uniform Resource Identifier | Koha item type | Public note |
|---|---|---|---|---|---|---|---|---|---|---|---|---|---|---|---|
| Withdrawn | Dewey Decimal Classification | Taylor's Library-TU | Taylor's Library-TU | 27/07/2004 | 1 | 5000049096 | 05/12/2019 | 01/03/2012 | 1 | Floor 4, Shelf 36 , Side 1, TierNo 4, BayNo 5 | Main Collection | SOMAC,09030,03,CL | |||
| Dewey Decimal Classification | Taylor's Library-TU | Taylor's Library-TU | 27/07/2004 | 1 | 5000049115 | 05/12/2019 | 20/04/2010 | 1 | Floor 4, Shelf 36 , Side 1, TierNo 4, BayNo 5 | Main Collection | SOMAC,09030,03,CL |